|
|
|
|
| LEADER |
00000nab a2200000 a 4500 |
| 001 |
vtls010193635 |
| 003 |
SK-MaSNL |
| 005 |
20260304020708.0 |
| 008 |
140328c2010 xo ||||||||||||00 b|slo |
| 015 |
|
|
|a SNBRB2010/12
|2 snkbucl
|
| 038 |
|
|
|a SNKBUCL
|
| 040 |
|
|
|a SNKBUCL
|b slo
|c SNKBUCL
|e AACR2
|
| 041 |
0 |
|
|a slo
|
| 044 |
|
|
|a xo
|c SK
|
| 080 |
|
|
|a 728.5.012.8
|x (450)
|2 2001
|
| 100 |
1 |
|
|a Bahna, Ján Miloslav,
|d 1944-2024
|4 aut
|9 242903
|
| 245 |
1 |
0 |
|a Nový hotel Boscolo Exedra v Miláne
|c Ján Bahna
|
| 300 |
|
|
|b Fotogr.
|
| 500 |
|
|
|a Autor: Studio Italo Rota
|
| 610 |
2 |
7 |
|a Hotel Boscolo Exedra (Miláno, Taliansko)
|x interiér
|2 snkbucl
|9 1298419
|
| 650 |
0 |
7 |
|a hotely
|2 snkbucl
|9 18422
|
| 651 |
|
7 |
|a Miláno (Taliansko)
|2 snkbucl
|9 17071
|
| 773 |
0 |
|
|t Designum
|g Roč. XVI, č. 4 (2010), s. 42-45
|x 1335-034X
|
| 852 |
|
|
|a SNK
|b KIS3GCP
|
| 958 |
|
|
|a IT
|
| 999 |
|
|
|c 2600539
|d 2602469
|